Pictorial encyclopedia of modern Japan
The Encyclopedia also gives us a full demographic picture of the Jananese: age distributions, where people live and work, the standard of living, family expenses, the country's favorrite entertainments.
שמור ב:
| פורמט: | ספר |
|---|---|
| שפה: | Undetermined |
| יצא לאור: |
Tokyo, Japan
Gakken
1986
|
| נושאים: | |
| תגים: |
הוספת תג
אין תגיות, היה/י הראשונ/ה לתייג את הרשומה!
|
| Thư viện lưu trữ: | Trung tâm Học liệu Trường Đại học Cần Thơ |
|---|
| LEADER | 00661nam a2200181Ia 4500 | ||
|---|---|---|---|
| 001 | CTU_112089 | ||
| 008 | 210402s9999 xx 000 0 und d | ||
| 082 | |a 952.04 | ||
| 082 | |b P611 | ||
| 245 | 0 | |a Pictorial encyclopedia of modern Japan | |
| 260 | |a Tokyo, Japan | ||
| 260 | |b Gakken | ||
| 260 | |c 1986 | ||
| 520 | |a The Encyclopedia also gives us a full demographic picture of the Jananese: age distributions, where people live and work, the standard of living, family expenses, the country's favorrite entertainments. | ||
| 650 | |a Japan | ||
| 650 | |x History,Pictorial works | ||
| 904 | |i M.Loan | ||
| 980 | |a Trung tâm Học liệu Trường Đại học Cần Thơ | ||